000 01248nam a2200337 a 4500
001 000112996
003 CHAP
005 20220329144332.0
008 170310s2016 mx sm |||||||spa d
010 _a109457
011 _a110429
040 _cCHAP
090 _aTesis
100 1 _aBello Rivera, Selene
_9131699
245 1 0 _aVirulencia del hongo Fusarium Oxysporum F. sp, Apii sobre plántulas de apio (Apium graveolens L.)
_h[En línea]
_cpor Selene Bello Rivera.
260 _aChapingo, Méx. :
_bEl autor,
_c2016.
500 _aPara ver el contenido del material haga clic en la liga
502 _aTesis (Ing. Agr. Esp. en Parasitología Agrícola) -- UACH. Departamento de Parasitología Agrícola
590 _aBATCH-UPD
_b05
_c20170310
_lUCH01
_h0916
590 _aBATCH
_b00
_c20181121
_lUCH01
_h0759
590 _aE11695DGD
_b10
_c20170314
_lUCH01
_h0922
590 _aE5765TAJ
_b05
_c20170310
_lUCH01
_h0916
590 _aE5765TAJ
_b05
_c20170310
_lUCH01
_h0916
650 1 4 _aApio
_xEnfermedades por hongos.
_9131700
650 1 4 _aSemillas
_xEnfermedades por hongos.
_9103899
856 _a1
_n0000894
856 _aFinding aid
_uhttp://10.13.5.2/tesis/sist112996.pdf
_zTeclea aquí
901 _aBK
942 _cTESIS
942 _n0
999 _c109457
_d109457